[Event "Rio Cuarto IRT"]
[Site "Rio Cuarto"]
[Date "2019.05.19"]
[Round "4.5"]
[White "Barrotto, Jose Ignacio"]
[Black "San Sebastian, Diego Martin"]
[Result "1-0"]
[WhiteElo "1615"]
[BlackElo "1108"]
[PlyCount "89"]
[EventDate "2019.05.18"]
[EventType "swiss"]
[EventRounds "6"]
[EventCountry "ARG"]
[SourceTitle "EXT 2024"]
[Source "ChessBase"]
[SourceDate "2023.10.10"]
[SourceVersion "1"]
[SourceVersionDate "2023.10.10"]
[SourceQuality "1"]

1. d4 d5 2. Nf3 e6 3. e3 Nc6 4. c4 Nf6 5. Nc3 Bb4 6. a3 Bxc3+ 7. bxc3 0-0 8. cxd5 exd5 9. Bd3 Be6 10. 0-0 Qd7 11. Qc2 g6 12. Ng5 Ne7 13. e4 dxe4 14. Nxe4 Nxe4 15. Bxe4 Bf5 16. Bh6 Bxe4 17. Qxe4 Rfe8 18. Qxb7 Reb8 19. Qf3 Nf5 20. Bf4 Kg7 21. g4 Nh4 22. Qg3 Qe7 23. Bxc7 Rc8 24. Be5+ Kg8 25. f4 g5 26. fxg5 Qxg5 27. Bf6 Qh6 28. Bxh4 Re8 29. Rae1 Qc6 30. Qf3 Qd7 31. Bg3 Rxe1 32. Rxe1 Rc8 33. Re3 Rf8 34. Re5 f6 35. Qd5+ Qxd5 36. Rxd5 Re8 37. Kf2 Rc8 38. Rc5 Re8 39. Rc7 Ra8 40. Ke3 a5 41. d5 Kf8 42. Kd4 Ke8 43. Rb7 Kd8 44. Rb8+ Rxb8 45. Bxb8 1-0